Vestník pre funkcionárov Sociálnej demokracie na Slovensku

Podrobná bibliografia
Korporatívny autor: Sociálna demokracia na Slovensku (Bratislava, Slovensko)
Médium: Časopis
Jazyk:slovenčina
Fyzický popis:5 čís. 23 x 15 cm
Vydavateľské údaje: Bratislava Sociálna demokracia na Slovensku 1947
Predmet:

MARC

LEADER 00000nas a22000001a 4500
001 vtls010302497
003 SK-MaSNL
005 20260228162851.0
008 110810d19471947xo zr p r 0 b0slo
015 |a SNBDS17XX9999 
015 |a 1796  |2 Balúnová 1945-60 
038 |a SNKBUDS 
040 |a SNK  |b slo  |c SNK  |e AACR2 
041 0 |a slo 
044 |a xo  |c SK 
080 |2 2001 
080 |a 329.1/.6  |2 2001 
080 |a 055  |2 2001 
245 0 0 |a Vestník pre funkcionárov Sociálnej demokracie na Slovensku 
260 |a Bratislava  |b Sociálna demokracia na Slovensku  |c 1947 
300 |a 5 čís.  |c 23 x 15 cm 
310 |a 1x za 3 týždne 
362 0 |a Roč. I, č. 1 (20.5.1947)-č. 5 (22.8.1947) 
500 |a Vych. v Bratislave nepravidelne (trojtýždenne) 
500 |a Red. sa neuvádza 
500 |a Vyd. [Prípravný výbor Sociálnej demokracie na Slovensku] 
500 |a Tlač. sa neuvádza 
500 |a Vych. od 20. mája 1947. Čas. bez tiráže. Posl. číslo 5/I z 22. aug. 1947 
505 8 0 |g Roč. I. 1947 5 č. po 8 s. 
650 0 7 |a vestníky  |2 SNKPH  |9 267726 
650 0 7 |a politické strany  |2 SNKPH  |9 3589 
650 0 7 |a politika  |2 SNKPH  |9 968 
710 2 |a Sociálna demokracia na Slovensku (Bratislava, Slovensko)  |9 269956 
852 |a SNK  |b 10000  |h ČSC 488 
852 |a UKB  |b 300000  |h 20 D 1345 
999 |c 8472  |d 10402